1395 1297 1398 1025 1224 1524 1327 1696 1861 1848 1792 1485 1062 1300 1905 1271 1016 1022 1349 1039 1503 1948 1192 1081 1381 1028 1437 1174 1388 1380 1751 1593 1220 1181 1663 1141 1786 1995 1734 1030 1005 1288 1573 1942 1938 1254 1973 1455 1462 1762 1858 1290 1993 1621 1362 1841 1712 1809 1593 1245 1071 1219 1346 1237 1310 1934 1902 1812 1509 1621 1084 1238 1592 1079 1797 1715 1825 1913 1608 1980 1148 1087 1137 1945 1331 1518 1028 1211 1803 1805 1616 1467 1454 1611 1529 1982 1504 1728 1968 BCNSPRNW ULIB Ver.6.0+V

เปลี่ยนเป็นภาษาไทย

Change to English
 แสดงรายละเอียดบรรณานุกรม
  กลับหน้าหลัก

Brief Record : Get Marc (ISO 2709) : E-mail record : QR code < ปิดหน้าต่าง
LEADER : 00000nam 2200000uu 4500
001    13399124828
003     ULIB
008    160403s2558||||th 000 0 tha d
020    ^a9789749752838
060  4 ^aWE168^bห459
245 00 ^aหัตถการทางออร์โธปิดิคส์ /^cบรรณาธิการ สุพิชัย เจริญวารีกุล ... [คนอื่นๆ]
250    ^aพิมพ์ครั้งที่ 1
260    ^aนนทบุรี :^bโครงการตำราวิทยาลัยแพทยศาสตร์พระมงกุฎเกล้า,^c2558
300    ^a197 หน้า :^bภาพประกอบ
505 0  ^a... การจัดกระดูกหักและข้อเคลื่อนที่พบบ่อยโดยวิธีไม่ผ่าตัด (Closed Manipulation of Common Fractures Dislocations) ... การดามกระดูกในภาวะฉุกเฉิน (Common Types of Emergency Splints) ... เทคนิคการพันผ้า (Adhisive Taping and Bandaging Techniguies) ... การดึงผิวหนังเพื่อถ่วงนํ้าหนักแขนขา (Skin Traction) ... การตรวจ Ankle-Brachial Index และ Arterial Pressure Index) ... วิธีการวัด Compartment Pressure ... เทคนิคการฉีดยาและเจาะดูดสารนํ้าในข้อไหล่และข้อศอก (Injection Technigue for Shoulder and Elbow) ... การเจาะข้อและฉีดยาในขา (Joint Aspiration and Injection in Lower Extremity) ... การฉีดยาบริเวณนอกข้อต่อในส่วนของขา (Non-Articular Injection in Lower Extremity) ... การฉีดยาเพื่อคลายตัวของกล้ามเนื้อ (Trigger Point Injection) ... ความรู้ทั่วไปในการใส่เฝือกปูน (Plaster Casting) ... หลักการและเทคนิคใส่เฝือก (Plaster and Fiberglass Casts Basic Principle and Technigues) ... เทคนิคการใส่เฝือก (Casting Technigue) ... เทคนิกการใส่ Body Cast และ Spinal Cast (Body and Spica Casting Techigues) ... เครื่องมือผ่าตัดทางออร์โธปิดิกส์ (Instrumentation and Implants) ... การปูผ้าเพื่อเตรียมผ่าตัด (Draping) ... เทคนิคการเย็บแผลและเครื่องมือพื้นฐานทางศัลยกรรมออร์โธปิกส์ (Orthopaedic Sutuer Technigues and Basic Eguipment) ... การรักษาเส้นเอ็นที่ได้รับการบาดเจ็บบริเวณมือ (Treatment of Tendon Injury in the Hand) ... การตัดแขนขา (Amputation) ... การเตรียมผู้ป่วยเพื่อรับการผ่าตัด (Preparation for Surgery) ... การดูแลผู้ป่วยก่อนและหลังผ่าตัดในผู้ป่วยออร์โธปิดิกส์ (Orthopaedics Ward Care) ... การรักษาการติดเชื้อแบบฉับพลันในการบาดเจ็บการสู้รบทางทหาร (Treatment of Acute Infection in Military Injuries) ... อุปกรณ์ช่วยพยุงเดิน (Crutches Canes and Walkers)
650  7 ^aศัลยกรรมกระดูก
700 0  ^aสุพิชัย เจริญวารีกุล,^eบรรณาธิการ
700 0  ^aคเชนทร์ นำศิริกุล,^eบรรณาธิการ
700 0  ^aธรรมนูญ ศรีสะอ้าน,^eบรรณาธิการ
700 0  ^aพฤษพงศ์ ศรีสวัสดิ์,^eบรรณาธิการ
700 0  ^aสุริยา ลือนาม,^eบรรณาธิการ
700 0  ^aณัฎฐา กุลกำม์ธร,^eบรรณาธิการ
700 0  ^aศักดิ์สม กู้เกียรตินันท์,^eบรรณาธิการ
700 0  ^aฟูเศรษฐ จงเฟื่องปริญญา,^eบรรณาธิการ
710 2  ^aวิทยาลัยแพทยศาสตร์พระมงกุฎเกล้า.^bกองการศึกษา.^bภาควิชาศัลยศาสตร์ออร์โธปิดิกส์
945    ^p350^l0^i000433
945    ^p350^l0^i000434
945    ^p350^l0^i000435
945    ^p350^l0^i000436
945    ^p350^l0^i000437
945    ^p350^l0^i000438
945    ^p350^l0^i000439
945    ^p350^l0^i000440
945    ^p350^l0^i000441
945    ^p350^l0^i000442
999    ^aเกษร โพธิ์สุวรรณ
รายการนี้ยังไม่มีแท็ก
คุณยังไม่ได้ล็อกอิน คุณสามารถมีกิจกรรมร่วมกับเว็บไซต์ได้ แต่ต้องล็อกอินก่อน ::
  ล็อกอิน

รายการสื่อสารสนเทศ

ลำดับที่ ประเภท เลขเรียก/บาร์โค้ด สถานที่ สถานะ
1. วิทยาศาสตร์การแพทย์ และสุขภาพ
วิทยาศาสตร์การแพทย์ และสุขภาพ
สถานะ=หนังสือเก่า
WE168 ห459 ฉ.1 
  Barcode: 000433
ห้องสมุดวิทยาเขตสวรรค์ประชารักษ์
►ส่วนจัดเก็บหนังสือเก่า สปร
บนชั้น
  ขอยืม
2. วิทยาศาสตร์การแพทย์ และสุขภาพ
วิทยาศาสตร์การแพทย์ และสุขภาพ
สถานะ=หนังสือเก่า
WE168 ห459 ฉ.10 
  Barcode: 000442
ห้องสมุดวิทยาเขตสวรรค์ประชารักษ์
►ส่วนจัดเก็บหนังสือเก่า สปร
บนชั้น
  ขอยืม
3. วิทยาศาสตร์การแพทย์ และสุขภาพ
วิทยาศาสตร์การแพทย์ และสุขภาพ
สถานะ=หนังสือเก่า
WE168 ห459 ฉ.2 
  Barcode: 000434
ห้องสมุดวิทยาเขตสวรรค์ประชารักษ์
►ส่วนจัดเก็บหนังสือเก่า สปร
บนชั้น
  ขอยืม
4. วิทยาศาสตร์การแพทย์ และสุขภาพ
วิทยาศาสตร์การแพทย์ และสุขภาพ
สถานะ=หนังสือเก่า
WE168 ห459 ฉ.3 
  Barcode: 000435
ห้องสมุดวิทยาเขตสวรรค์ประชารักษ์
►ส่วนจัดเก็บหนังสือเก่า สปร
บนชั้น
  ขอยืม
5. วิทยาศาสตร์การแพทย์ และสุขภาพ
วิทยาศาสตร์การแพทย์ และสุขภาพ
WE168 ห459 ฉ.4 
  Barcode: 000436
ห้องสมุดวิทยาเขตสวรรค์ประชารักษ์
►หนังสือทั่วไป
ถูกยืม กำหนดส่งวันที่ 15 พฤษภาคม 2569
  จอง
6. วิทยาศาสตร์การแพทย์ และสุขภาพ
วิทยาศาสตร์การแพทย์ และสุขภาพ
สถานะ=หนังสือเก่า
WE168 ห459 ฉ.5 
  Barcode: 000437
ห้องสมุดวิทยาเขตสวรรค์ประชารักษ์
►ส่วนจัดเก็บหนังสือเก่า สปร
บนชั้น
  ขอยืม
7. วิทยาศาสตร์การแพทย์ และสุขภาพ
วิทยาศาสตร์การแพทย์ และสุขภาพ
สถานะ=หนังสือเก่า
WE168 ห459 ฉ.6 
  Barcode: 000438
ห้องสมุดวิทยาเขตสวรรค์ประชารักษ์
►ส่วนจัดเก็บหนังสือเก่า สปร
บนชั้น
  ขอยืม
8. วิทยาศาสตร์การแพทย์ และสุขภาพ
วิทยาศาสตร์การแพทย์ และสุขภาพ
สถานะ=หนังสือเก่า
WE168 ห459 ฉ.7 
  Barcode: 000439
ห้องสมุดวิทยาเขตสวรรค์ประชารักษ์
►ส่วนจัดเก็บหนังสือเก่า สปร
บนชั้น
  ขอยืม
9. วิทยาศาสตร์การแพทย์ และสุขภาพ
วิทยาศาสตร์การแพทย์ และสุขภาพ
สถานะ=หนังสือเก่า
WE168 ห459 ฉ.8 
  Barcode: 000440
ห้องสมุดวิทยาเขตสวรรค์ประชารักษ์
►ส่วนจัดเก็บหนังสือเก่า สปร
บนชั้น
  ขอยืม
10. วิทยาศาสตร์การแพทย์ และสุขภาพ
วิทยาศาสตร์การแพทย์ และสุขภาพ
สถานะ=หนังสือเก่า
WE168 ห459 ฉ.9 
  Barcode: 000441
ห้องสมุดวิทยาเขตสวรรค์ประชารักษ์
►ส่วนจัดเก็บหนังสือเก่า สปร
บนชั้น
  ขอยืม

รายการใกล้เคียง
    หัวเรื่อง [ศัลยกรรมกระดูก]

BibComment


ยังไม่เคยถูกคอมเมนท์

คอมเมนท์ทรัพยากรรายการนี้
  คอมเมนท์: หัตถการทางออร์โธ..


 Copyright 2026. Bcnsprnw @Library